| 000 | 00892nac a22002651i 4500 | ||
|---|---|---|---|
| 003 | EG-ScBUE | ||
| 005 | 20250120102857.0 | ||
| 008 | 250120t1995 gw a f b 001 0 eng d | ||
| 020 | _a9783540587347 | ||
| 040 |
_aEG-ScBUE _beng _erda _cEG-ScBUE _dEG-ScBUE |
||
| 082 | 0 | 4 |
_a519.72 _bPAD _222 |
| 100 | 1 |
_aPadberg, M. W., _eauthor. |
|
| 245 | 1 | 0 |
_aLinear optimization and extensions / _cManfred Padberg. |
| 264 | 1 |
_aBerlin ; _aNew York : _bSpringer, _c1995. |
|
| 300 |
_axviii, 449 pages : _billustrations ; _c25 cm. |
||
| 336 |
_2rdacontent _atext _btxt |
||
| 337 |
_aunmediated _2rdamedia _bn |
||
| 338 |
_avolume _bnc _2rdacarrier |
||
| 490 | 0 |
_aAlgorithms and cominatorics ; _v12 |
|
| 504 | _aIncludes bibliographical references and index. | ||
| 650 | 7 |
_aLinear programming. _2BUEsh |
|
| 650 | 7 |
_aMathematical optimization. _2BUEsh |
|
| 655 | _vReading book | ||
| 942 |
_cBB _2ddc |
||
| 999 |
_c3800 _d3800 |
||